[Event "Orbis-2 IM 2019"]
[Site "Paracin"]
[Date "2019.07.17"]
[Round "6.2"]
[White "Munshi, Aditya"]
[Black "Dedebas, Emre Emin"]
[Result "0-1"]
[WhiteElo "2125"]
[BlackElo "2301"]
[Annotator "TA"]
[PlyCount "68"]
[EventDate "2019.07.13"]
[EventType "tourn"]
[EventCountry "SRB"]
[SourceTitle "playchess.com"]
[Source "ChessBase"]
[SourceQuality "1"]

{[%evp 9,112,22,24,28,19,11,16,5,54,-3,0,0,0,-37,-35,-22,-27,-10,-26,-10,-22,-7,0,0,-6,-130,-118,-114,-66,-95,-88,-83,-53,-72,-68,-81,-18,-109,-96,-210,-215,-204,-210,-210,-200,-197,-60,-54,-72,-97,-100,-121,-124,-272,-273,-281,-270,-277,-263,-286,-290,-292,-290,-292,-292,-282,-282,-288,-277,-278,-229,-308,-297,-334,-329,-478,-387,-645,-648,-610,-610,-676,-681,-623,-467,-619,-585,-1235,-1261,-4798,-4597,-7267,-9434,-6295,-5608,-29975,-29973,-29989,-29989,-29989,-29990,-29990,-29991,-29991,-29992]} 1. e4 e6 2. d4 d5 3. Nd2 h6 (3... c5 4. Ngf3 cxd4 5. Nxd4 Nc6 6. Bb5 Bd7 7. Nxc6 bxc6 8. Bd3 Qc7 9. Qe2 Ne7 10. O-O Ng6 11. Nf3 Bd6 12. c4 dxe4 13. Bxe4 O-O 14. Rd1 Rad8 15. h3 c5 16. b3 Bc6 {0-1 (40) Nepomniachtchi,I (2763)-Vitiugov,N (2719) St Petersburg 2018}) 4. Ngf3 Nf6 5. e5 Nfd7 6. Bd3 {C03: French Tarrasch: Unusual Black 3rd moves} c5 7. c3 Nc6 8. O-O {The position is equal.} g5 9. dxc5 (9. b3 $14) 9... Bxc5 10. Nb3 Bb6 11. Re1 g4 $146 12. Nfd4 Ncxe5 13. Bb5 Qf6 14. Qe2 Bc7 15. Nc5 $1 a6 16. Bxd7+ $1 Bxd7 (16... Nxd7 $2 17. Ndxe6 $1 {[%mdl 512]} fxe6 18. Qxe6+ (18. Nxe6 Bb8 $18) 18... Qxe6 19. Nxe6 $18) 17. Nxd7 (17. Nxb7 $11 Rg8 18. Kh1) 17... Kxd7 $17 (17... Nxd7 $6 18. Qxg4 O-O-O 19. Qh5 $11) 18. Rf1 Qh4 {White must now prevent ...Nf3+!} 19. g3 Qh5 $1 $36 {[%mdl 2048] Black is in control.} 20. f4 gxf3 $1 21. Nxf3 Nc6 22. c4 Rag8 ({Black should play} 22... Qg4 $17 23. cxd5 exd5) 23. Kg2 (23. cxd5 $1 $11 exd5 24. Nd4 $1 {[%mdl 512]} Qxe2 25. Nxe2) 23... dxc4 {And now ...Rg4 would win.} 24. Qxc4 (24. Be3 $17) 24... Rg4 $19 25. Qd3+ {[#]} (25. Rd1+ Kc8 $19) 25... Kc8 $1 {Strongly threatening ...Rhg8.} (25... Qd5 26. Qxd5+ exd5 27. Ne1 $15) 26. Be3 Rhg8 {[%cal Rg4g3] Threatens to win with ...Rxg3+!} 27. Bf2 {[#]} Qb5 (27... e5 $1 $19 {[%cal Re5e4] Hoping for ...e4.} 28. Qd5 Rb4) 28. Qxb5 $15 axb5 29. Rfc1 f5 30. Kh1 f4 {[%cal Rf4g3]} 31. Nd4 (31. h3 $17 {was called for.} Rxg3 32. Bxg3 Rxg3 {[%mdl 64] Double Attack} 33. Ng1) 31... fxg3 $19 32. Nxc6 bxc6 ({Not} 32... gxf2 33. Ne7+ Kd7 34. Nxg8 $15) 33. hxg3 Kb7 ({Weaker is} 33... Bxg3 34. Bxg3 Rxg3 35. Rxc6+ Kd7 36. Rc2 $17) 34. Rc5 Bxg3 {Played: Bc7-b6} 0-1

[Event "Orbis-2 IM 2019"]
[Site "Paracin"]
[Date "2019.07.17"]
[Round "6.3"]
[White "Liu, Zhaoqi"]
[Black "Chen, Peng"]
[Result "1/2-1/2"]
[WhiteElo "2386"]
[BlackElo "2328"]
[Annotator "TA"]
[PlyCount "32"]
[EventDate "2019.07.13"]
[EventType "tourn"]
[EventCountry "SRB"]
[SourceTitle "playchess.com"]
[Source "ChessBase"]
[SourceQuality "1"]

{[%evp 26,32,0,0,8,-6,0,0,8]} 1. Nf3 Nf6 2. d4 d5 3. c4 c6 4. cxd5 cxd5 5. Nc3 Nc6 6. Bf4 Bf5 7. e3 e6 8. Bd3 Bxd3 9. Qxd3 a6 10. a3 Bd6 11. Bxd6 Qxd6 12. h3 O-O 13. O-O Rfc8 14. Rfc1 {The position is equal.} h6 {D14: Slav Defence: Exchange variation with ...Bf5} 15. Ne2 $146 ({Predecessor:} 15. Rc2) 15... Ne4 16. Nc3 Nf6 1/2-1/2

[Event "Orbis-2 IM 2019"]
[Site "Paracin"]
[Date "2019.07.17"]
[Round "6.4"]
[White "Manish Anto Cristiano F"]
[Black "Zlatanovic, Boroljub"]
[Result "1/2-1/2"]
[WhiteElo "2208"]
[BlackElo "2371"]
[Annotator "TA"]
[PlyCount "72"]
[EventDate "2019.07.13"]
[EventType "tourn"]
[EventCountry "SRB"]
[SourceTitle "playchess.com"]
[Source "ChessBase"]
[SourceQuality "1"]

{[%evp 12,72,36,37,41,17,37,27,67,62,59,72,82,89,80,87,118,92,109,103,151,135,150,137,127,100,103,94,160,165,184,184,183,183,259,271,231,173,174,172,177,186,200,194,191,189,209,201,179,188,183,173,142,131,185,70,64,8,8,0,0,0,0]} 1. e4 e6 2. d4 d5 3. Nc3 Bb4 4. e5 b6 5. Qg4 Bf8 6. Bg5 Qd7 7. Nf3 h6 {C16: French: 3 Nc3 Bb4 4 e5: Lines without ...c5} (7... Nc6 8. a3 Bb7 9. Bd3 h6 10. Qh3 Nge7 11. O-O O-O-O 12. b4 Rg8 13. Bd2 g5 14. g4 Bg7 15. Ne2 {1-0 (30) Zhigalko,S (2683)-Stocek,J (2543) St Petersburg 2013}) 8. Bd2 Ne7 9. a4 $146 ({Predecessor:} 9. h4 h5 10. Qf4 Ba6 11. Ne2 Nf5 12. Ng3 Nxg3 13. fxg3 c5 14. c3 Be7 15. Bxa6 Nxa6 {0-1 (44) Onabogun,K (2189)-Galinsky,T (2365) Caleta 2019}) 9... Nec6 {White has an edge.} 10. Be2 Nb4 11. Rc1 c6 12. O-O Ba6 13. Rfe1 Bxe2 14. Nxe2 g6 15. Nf4 N4a6 16. h4 Nc7 17. b4 Nba6 18. h5 g5 19. Nd3 O-O-O ({Black should play} 19... Be7) 20. Nh2 $16 Be7 21. Qf3 Rdg8 22. Ng4 (22. Qxf7 Rf8 $11) 22... Ne8 (22... Rf8 {keeps fighting.} 23. c4 Kb8) 23. c4 $18 (23. Qxf7 Rf8 $11) 23... Nac7 24. cxd5 (24. Qxf7 Rf8 $11) 24... Qxd5 25. Qxd5 ({Don't do} 25. Rxc6 Qxf3 26. gxf3 Kb8 $16) 25... Nxd5 26. Rxc6+ Kb7 27. Rec1 Ng7 28. Ne3 {Black must now prevent Nxd5.} Rc8 29. Rxc8 $1 Rxc8 30. Rxc8 Kxc8 31. Nxd5 exd5 {[#] KBN-KBN} 32. g4 $1 f5 {[#]} (32... Ne6 $16 {was called for.}) 33. f4 (33. exf6 $1 $18 Bxf6 34. f4) 33... gxf4 $14 34. Nxf4 (34. gxf5 $14 Nxf5 35. Bc3 (35. Bxf4 Bf8 $14) (35. Nxf4 Bg5 $11)) 34... Bg5 $11 {The position is equal.} 35. Be3 Bxf4 $1 36. Bxf4 fxg4 {Accuracy: White = 65%, Black = 60%.} 1/2-1/2

[Event "Orbis-2 IM 2019"]
[Site "Paracin"]
[Date "2019.07.17"]
[Round "6.5"]
[White "Pikula, Dejan"]
[Black "Patil, Mitali"]
[Result "1-0"]
[WhiteElo "2447"]
[BlackElo "2009"]
[Annotator "TA"]
[PlyCount "47"]
[EventDate "2019.07.13"]
[EventType "tourn"]
[EventCountry "SRB"]
[SourceTitle "playchess.com"]
[Source "ChessBase"]
[SourceQuality "1"]

{[%evp 16,71,36,43,48,43,43,41,37,39,59,47,48,41,66,61,65,61,75,75,68,57,101,104,95,63,287,280,264,265,605,604,572,488,483,480,899,850,818,708,818,702,2079,1891,6215,6200,5369,1445,5365,5273,5277,2471,1764,1766,1660,37,1605,1605]} 1. e4 e5 2. Bc4 Nf6 3. d3 Nc6 4. Nf3 Bc5 5. c3 d6 6. O-O O-O 7. b4 Bb6 8. a4 a6 9. Bg5 Bg4 {C54: Giuoco Piano: 4 c3 Nf6, main lines with 5 d4 and 5 d3} (9... h6 10. Bh4 g5 11. Bg3 Ne7 12. Nbd2 Ng6 13. Bb3 c6 14. Nc4 Bc7 15. Ne3 d5 16. Qc2 Be6 17. exd5 Nxd5 {1-0 (44) Akopian,V (2675)-Ganguly,S (2668) Doha 2016}) 10. h3 Be6 11. Nbd2 h6 {White is slightly better.} 12. Bh4 g5 $146 ({Predecessor:} 12... Qe7 13. Qb3 Kh8 14. a5 Ba7 {1-0 (56) Sofronie,I (2378)-Velea,C (2125) Baile Tusnad 2000}) 13. Bg3 Nh5 14. Kh2 Nxg3 15. fxg3 Qd7 16. a5 Ba7 17. b5 axb5 18. Bxb5 Qd8 19. a6 Bc8 20. Qb3 Ne7 $2 {[#]} (20... Qe7 $14) 21. axb7 $1 $18 Bxb7 22. Bc4 Bc6 $2 {[#]} (22... Bc8 23. Bxf7+ Kg7) 23. Bxf7+ $1 {[%mdl 512]} Kg7 {[#]} (23... Rxf7 24. Nxg5) 24. Rxa7 {Played: Nf3xg5} 1-0

[Event "Orbis-2 IM 2019"]
[Site "Paracin"]
[Date "2019.07.18"]
[Round "8.1"]
[White "Raghavi, N.."]
[Black "Munshi, Aditya"]
[Result "1/2-1/2"]
[WhiteElo "2290"]
[BlackElo "2125"]
[Annotator "TA"]
[PlyCount "69"]
[EventDate "2019.07.13"]
[EventType "tourn"]
[EventCountry "SRB"]
[SourceTitle "playchess.com"]
[Source "ChessBase"]
[SourceQuality "1"]

{[%evp 9,69,2,0,3,10,0,0,-3,0,-3,0,-4,-1,0,-3,-17,-8,-23,-8,-15,0,-14,0,-37,-12,-67,-54,-58,-42,-70,-40,-38,-30,-26,-27,-58,-17,-23,-23,-29,-21,-62,-61,-62,-44,-44,-44,-99,-56,-91,-43,-55,52,0,0,0,0,-41,756,764,725,708]} 1. d4 Nf6 2. Nc3 d5 3. Bf4 c5 4. e3 cxd4 5. exd4 a6 6. Nf3 {B13: Caro-Kann: Exchange Variation and Panov-Botvinnik Attack} (6. Bd3 Nc6 7. Nge2 Bg4 8. f3 Bh5 9. h4 Bg6 10. g4 e6 11. h5 Bxd3 12. Qxd3 h6 13. O-O-O {0-1 (50) Jobava,B (2646)-Nisipeanu,L (2657) Spilimbergo 2018}) 6... Nc6 7. h3 Bf5 8. Bd3 $146 {The position is equal.} ({Predecessor:} 8. a3 e6 9. Bd3 Bxd3 10. Qxd3 Bd6 11. Bxd6 Qxd6 12. O-O O-O 13. Rfe1 {½-½ (24) Ledenjak,M (1690)-Milovanovic,M (1899) Kac 2016}) 8... Bxd3 9. Qxd3 e6 10. O-O Bd6 11. Bxd6 Qxd6 12. Rfe1 O-O 13. Ne5 Rac8 (13... Rfc8 {feels hotter.} 14. a3 b5 15. Qe3 Na5 16. Nd3 h6) 14. a3 Qc7 15. Nxc6 Qxc6 16. Re3 Ne8 17. Rae1 (17. Re2 $11) 17... Nd6 $15 18. R3e2 b5 19. Nd1 {[%cal Bc3d1,Bd1e3,Be3g4,Bg4e5][%mdl 32]} Qc4 20. Qd2 Rb8 21. Ne3 Qc7 22. Ng4 Ne4 23. Qd3 Rfc8 24. Ne5 a5 25. f3 Ng3 26. Rd2 b4 27. axb4 axb4 28. Ra1 (28. Qe3 $15) 28... Qb7 29. Qb3 Rc7 30. Nd3 Nf5 (30... h6 $15) 31. Qxb4 (31. Nxb4 $1 $14 Ra8 32. Ra4) 31... Qc8 $1 $11 32. Qa4 Rc4 33. Qa6 Rxc2 $2 {[%mdl 8192] [#]} (33... Nxd4 $15 34. Qxc8+ Rbxc8) 34. Rxc2 $18 Qxc2 35. Rc1 {[%mdl 32768] Accuracy: White = 29%, Black = 29%. . An unexpected result.} 1/2-1/2

[Event "Orbis-2 IM 2019"]
[Site "Paracin"]
[Date "2019.07.18"]
[Round "8.2"]
[White "Liu, Zhaoqi"]
[Black "Abramovic, Bosko"]
[Result "1/2-1/2"]
[WhiteElo "2386"]
[BlackElo "2373"]
[Annotator "TA"]
[PlyCount "103"]
[EventDate "2019.07.13"]
[EventType "tourn"]
[EventCountry "SRB"]
[SourceTitle "playchess.com"]
[Source "ChessBase"]
[SourceQuality "1"]

{[%evp 12,103,34,12,20,2,14,2,14,8,11,14,33,31,38,13,82,81,89,96,93,83,93,81,91,89,90,54,56,58,55,54,91,75,105,0,0,0,0,-14,-13,-14,-12,-11,-12,-12,-11,-11,-10,-100,0,0,0,0,0,0,0,0,0,0,0,0,0,0,0,0,0,0,0,-52,0,0,0,0,0,0,0,0,0,0,0,0,0,0,0,0,0,0,0,0,0,0,0,0]} 1. c4 e5 2. Nc3 Nc6 3. g3 g6 4. Bg2 Bg7 5. e3 d6 6. Nge2 h5 7. h4 Nf6 {A25: English Opening vs King's Indian with ...Nc6 but without early d3} 8. b3 $146 ({Predecessor:} 8. d3 O-O 9. e4 Be6 10. Bg5 Qd7 11. Nd5 Nh7 12. Be3 Nd4 13. Nxd4 exd4 14. Bd2 Rab8 15. a4 Bxd5 16. cxd5 c6 17. dxc6 bxc6 {1-0 (40) Gurevich,M (2634)-Nataf,I (2553) Cap d'Agde 2002}) 8... O-O 9. Bb2 Re8 10. d3 Bd7 11. Qd2 a6 12. O-O Rb8 13. Rac1 b5 (13... Ng4 $11 {keeps the balance.}) 14. cxb5 $16 axb5 {[#]} 15. Nxb5 $1 {[%mdl 512]} Rxb5 16. Rxc6 ({But not} 16. Bxc6 $6 Bxc6 17. Rxc6 Qd7 $11) 16... Bxc6 17. Bxc6 Rb8 18. Bxe8 Qxe8 19. d4 Qe6 20. dxe5 dxe5 21. Kg2 Ra8 22. Nc3 Qc6+ 23. f3 ({White should try} 23. Kh2 $16) 23... e4 $11 24. f4 Ng4 25. Rc1 Qb6 26. Nd5 Qa5 27. Qxa5 Rxa5 28. Bxg7 $1 {[#] Strongly threatening Bd4.} Rxa2+ 29. Kg1 {Black must now prevent Bd4.} Kxg7 30. Rxc7 {[%mdl 4096] Endgame KRN-KRN} (30. Nc3 $1 $11 Ra3 31. Nxe4) 30... Rd2 (30... Ra1+ $17 31. Kg2 Rd1) 31. Nc3 $1 Rc2 {And now ...Rc1+ would win.} 32. Nd5 Re2 33. b4 Re1+ 34. Kg2 Rd1 35. Nc3 Rc1 36. Nd5 Nxe3+ 37. Kf2 Ng4+ 38. Ke2 Rg1 39. Rc3 Rb1 40. Kd2 (40. Rc4 $11) 40... e3+ (40... Nf6 $15 41. Nxf6 Kxf6) 41. Nxe3 {The position is equal.} Rxb4 42. Nxg4 hxg4 {KR-KR} 43. Ke3 Rb2 44. Ke4 Rf2 45. Rd3 f5+ 46. Ke3 Rg2 47. Kd4 Kf6 48. Re3 Rd2+ 49. Rd3 Rf2 50. Ra3 Rd2+ 51. Rd3 Rf2 52. Re3 {Accuracy: White = 64%, Black = 55%.} 1/2-1/2

[Event "Orbis-2 IM 2019"]
[Site "Paracin"]
[Date "2019.07.18"]
[Round "8.3"]
[White "Manish Anto Cristiano F"]
[Black "Dedebas, Emre Emin"]
[Result "0-1"]
[WhiteElo "2208"]
[BlackElo "2301"]
[Annotator "TA"]
[PlyCount "92"]
[EventDate "2019.07.13"]
[EventType "tourn"]
[EventCountry "SRB"]
[SourceTitle "playchess.com"]
[Source "ChessBase"]
[SourceQuality "1"]

{[%evp 15,92,2,9,0,8,5,22,-14,-5,-22,0,0,-6,-15,41,-46,-29,-7,0,0,0,0,0,0,0,0,0,-14,-10,-11,-10,-30,-47,-57,0,-100,-85,-120,-62,-346,-126,-125,-88,-78,-92,-133,-143,-169,-174,-188,-182,-190,-107,-181,-172,-264,-262,-301,-218,-220,-219,-250,-251,-332,-351,-488,-500,-790,-790,-840,-832,-795,-802,-962,-962,-1147,-1147,-1133,-1118]} 1. e4 e6 2. d4 d5 3. Nc3 Nf6 4. e5 Nfd7 5. f4 c5 6. Nf3 Nc6 7. Be3 Be7 8. Qd2 O-O 9. Be2 {C11: French: Classical System: 4 e5 and 4 Bg5 dxe4} (9. dxc5 Nxc5 10. O-O-O a6 11. h4 b5 12. Bd3 b4 13. Bxc5 Bxc5 14. Na4 Ba7 15. Qe2 f5 16. g4 Ne7 17. Ng5 {0-1 (45) Caruana,F (2828)-Nyzhnyk,I (2638) chess.com INT 2019}) 9... b6 10. O-O f5 11. exf6 {The position is equal.} Nxf6 12. Kh1 Bd6 13. Bg1 $146 ({Predecessor:} 13. Ne5 Nxd4 14. Bxd4 cxd4 15. Qxd4 {½-½ (24) Kriebel,T (2465)-Martinovic,S (2519) Slovakia 2016}) 13... a6 14. Rae1 Qc7 (14... Rb8 $11) 15. Ne5 (15. f5 $1 $14) 15... cxd4 16. Bxd4 Nxe5 17. fxe5 Bxe5 18. Bxe5 Qxe5 19. Bxa6 $1 Qd6 20. Bd3 Bd7 21. Qg5 Rae8 22. Qh4 h6 23. Rf3 e5 {And now ...e4 would win.} 24. Qg3 Bc6 (24... Re6 $15 25. Bf5 Re7) 25. Bf5 (25. Rf5 $11) 25... Re7 $17 26. h3 Rd8 (26... Nh5 $17 27. Qh4 Nf4 28. Rxf4 g5 {[%mdl 64] Double Attack}) 27. Qg6 $2 {[%mdl 8192]} ({White should play} 27. Rf2 $15) 27... Be8 $2 (27... e4 $19 28. Rfe3 Qf4) 28. Qg3 e4 29. Qxd6 Rxd6 30. Rff1 g6 31. Bc8 {[#] Rxf6! would now be nice for White.} Kg7 $1 32. Ba6 d4 $36 {[%mdl 2048] Black is in control.} 33. Rd1 {[#]} Nh5 (33... b5 $1 $19 {[%cal Rb5b4] Strongly threatening ...b4.} 34. Bxb5 Rb6 35. Rxd4 Bxb5) 34. Kh2 (34. Rfe1 $17) 34... b5 $1 $19 35. Bc8 (35. Bxb5 $142 dxc3 36. Rxd6 Bxb5 37. Rb1) 35... Rc6 36. Nxb5 {White wants to play Bg4.} Rxc8 37. Nxd4 Nf6 38. b3 Nd5 {...Ne3 is the strong threat.} 39. Rde1 Nb4 40. Rf4 e3 {Black is clearly winning.} 41. c4 (41. Rg4 $142 Bd7 42. Rg3 Nxc2 43. Nxc2 Rxc2 44. Rgxe3 Rxe3 45. Rxe3) 41... Nd3 {[%mdl 64] Double Attack} 42. Rff1 Nxe1 43. Rxe1 Rd8 44. Nf3 Bc6 45. Kg3 Bxf3 46. Kxf3 Rf8+ {Accuracy: White = 24%, Black = 55%.} 0-1

[Event "Orbis-2 IM 2019"]
[Site "Paracin"]
[Date "2019.07.18"]
[Round "8.4"]
[White "Pikula, Dejan"]
[Black "Chen, Peng"]
[Result "0-1"]
[WhiteElo "2447"]
[BlackElo "2328"]
[Annotator "TA"]
[PlyCount "84"]
[EventDate "2019.07.13"]
[EventType "tourn"]
[EventCountry "SRB"]
[SourceTitle "playchess.com"]
[Source "ChessBase"]
[SourceQuality "1"]

{[%evp 15,84,0,0,3,19,25,17,0,16,0,0,0,0,0,0,0,0,0,0,-37,-34,-45,-43,-86,-90,-89,-86,-97,-84,-91,-55,-49,-41,-162,-171,-162,-156,-156,-148,-182,-130,-123,-120,-109,-90,-124,-124,-124,-120,-117,-106,-148,-148,-208,-202,-197,-211,-243,-237,-270,-267,-271,-271,-273,-230,-289,-265,-270,-200,-197,-202]} 1. e4 c5 2. Nf3 d6 3. d4 cxd4 4. Nxd4 Nf6 5. Nc3 a6 6. Be3 e6 7. f3 b5 8. Qd2 Nbd7 {[%cal Bb8d7,Bd7b6,Bb6c4][%mdl 32]} 9. a3 {B80: Sicilian Scheveningen: 6 g3 and 6 Be3, including English Attack} (9. g4 b4 10. Nd1 h6 11. c4 bxc3 12. Nxc3 Bb7 13. h4 d5 14. Rg1 dxe4 15. g5 hxg5 16. hxg5 Nd5 17. g6 Nxe3 18. gxf7+ Kxf7 19. Qxe3 {0-1 (30) Aronian,L (2767)-Grischuk,A (2766) Saint Louis 2018}) 9... Bb7 10. g4 Nb6 11. O-O-O {The position is equal.} Nfd7 12. Kb1 Rc8 13. h4 Ne5 14. Qe1 Nec4 $146 ({Predecessor:} 14... Nbc4 15. Bxc4 {0-1 (26) Mendez,A (1744)-Lopez Gonzalez,A (2251) San Salvador 2015}) 15. Bxc4 Nxc4 16. Bc1 Qc7 17. Nde2 Qc5 18. Qg1 b4 19. Qxc5 dxc5 20. axb4 cxb4 21. Na2 a5 22. b3 Na3+ 23. Bxa3 $1 bxa3 24. c4 {[#]} (24. Nec3 $15) 24... a4 $1 $19 {[%cal Ra4b3][%mdl 512]} 25. bxa4 Ba6 (25... Rxc4 26. Rd4 $17) 26. Nec3 Bxc4 27. Nb5 Be7 ({Better is} 27... Bxb5 $19 28. axb5 Rc5) 28. Nd6+ $17 Bxd6 $1 29. Rxd6 Be2 30. Re1 Bxf3 31. Rd3 Bxg4 32. Rxa3 O-O 33. Nc3 f5 34. exf5 (34. Rg1 $17) 34... exf5 $19 ({Don't do} 34... Bxf5+ 35. Kb2 $17) 35. Nd5 {Threatens to win with Ne7+.} Rb8+ 36. Ka1 f4 37. Rf1 f3 38. Rf2 Rbe8 {...Re1+ is the strong threat.} 39. Ne3 Bc8 40. Nc2 Bb7 41. a5 Re6 42. Kb2 Rg6 {Accuracy: White = 59%, Black = 86%.} 0-1

[Event "Orbis-2 IM 2019"]
[Site "Paracin"]
[Date "2019.07.18"]
[Round "8.5"]
[White "Patil, Mitali"]
[Black "Zlatanovic, Boroljub"]
[Result "1/2-1/2"]
[WhiteElo "2009"]
[BlackElo "2371"]
[Annotator "TA"]
[PlyCount "104"]
[EventDate "2019.07.13"]
[EventType "tourn"]
[EventCountry "SRB"]
[SourceTitle "playchess.com"]
[Source "ChessBase"]
[SourceQuality "1"]

{[%evp 9,104,56,76,75,82,81,84,71,81,45,54,54,56,42,60,60,61,60,58,33,70,-12,55,-2,77,0,60,0,0,0,0,-52,-11,-28,-4,-6,-8,-26,-38,-41,-45,-33,37,37,42,0,12,18,12,27,42,45,34,0,0,-4,0,0,0,0,89,59,64,85,66,5,188,8,134,0,101,93,310,0,0,0,0,0,0,0,2,0,0,0,0,0,0,0,0,0,0,0,0,0,0,0,0]} 1. e4 g6 2. d4 Bg7 3. Nc3 d6 4. f4 c6 5. Nf3 d5 (5... b5 6. Bd3 Qb6 7. e5 Nh6 8. Ne4 O-O 9. O-O Bg4 10. c3 dxe5 11. fxe5 Nd7 12. Nf2 Be6 13. Ng5 Bd5 14. Be4 Bxe4 15. Ngxe4 {1-0 (32) Anand,V (2782)-Fedoseev,V (2718) Riadh 2017}) 6. e5 {B06: Modern Defence} h5 7. Be3 Nh6 8. Qd2 {White is better.} Bg4 9. Be2 Nf5 $146 ({Predecessor:} 9... Bxf3 10. Bxf3 e6 11. g3 Nf5 12. Bf2 Nd7 {½-½ (56) Zichichi,A (2325)-Schuurman,P (2151) Bratto 2000}) 10. Bf2 e6 11. g3 Nd7 12. h3 Bxf3 $1 13. Bxf3 Nb6 14. b3 Qe7 15. Nd1 (15. Ne2 $14) 15... Nd7 (15... h4 $1 $11 16. gxh4 Nxh4) 16. Nb2 (16. Ne3 $14) 16... O-O-O (16... f6 $11) 17. Nd3 (17. O-O-O $1 $16) 17... f6 (17... h4 $1 $11 18. g4 Ng3) 18. g4 (18. O-O-O $14) 18... hxg4 $11 19. hxg4 fxe5 $1 20. gxf5 (20. dxe5 $11 Nh4 21. Bxh4 Rxh4 22. Rxh4 Qxh4+ 23. Qf2 Qxf2+ 24. Kxf2) 20... e4 $15 {[%mdl 64] Double Attack} 21. fxg6 exf3 22. O-O-O $1 Nf6 23. Qe3 Qa3+ 24. Kb1 Ne4 {( -> ...Nc3+!)} 25. Ne5 Rdg8 (25... b5 $15 26. c3 (26. Nxc6 $2 Rxh1 27. Rxh1 Rd6 $19) (26. Nxf3 $2 b4 $19) 26... Bxe5 27. dxe5 c5) 26. Nxf3 $14 {aiming for Ng5.} Bf6 27. Bh4 Bxh4 28. Rxh4 Rxh4 29. Nxh4 Qe7 30. Nf3 $36 {[%mdl 2048] White fights for an advantage.} Rxg6 31. Rg1 (31. Ng5 {looks sharper.} Nxg5 32. Rg1 b6 33. Rxg5 Qf6 34. Qg1) 31... Rxg1+ 32. Qxg1 Kc7 (32... Qb4 {seems wilder.} 33. Qg8+ Kc7 34. Qxe6 Kb6 35. c4 a5) 33. Kb2 Kb6 34. Qe3 Kc7 (34... Qf8 $11) 35. Ng5 $16 Nxg5 36. fxg5 $14 {[%mdl 4096] Endgame Hoping for Qe5+. KQ-KQ} Qg7 37. c3 ({White should try} 37. Qf4+ $14 Kd7 38. b4) 37... Kd6 $2 (37... Kd7 $11) 38. b4 $2 (38. Qg3+ $1 $18 Kd7 39. Qb8 $1 {[%mdl 512]} Qxg5 40. Qxb7+ Kd6 41. Qb8+ (41. Qxa7 Qd2+ 42. Ka3 Qxc3 $11) 41... Kd7 42. Qxa7+ Kc8 43. Qa6+ Kc7 44. Qe2) 38... b6 (38... Qg6 $11) 39. Kb3 (39. Qg3+ $16 Kd7 40. g6) 39... e5 (39... Kd7 $11) 40. Qg3 $16 {Threatens to win with g6.} Ke6 $2 {[#]} (40... Qg6 $16 {is a better defense.}) 41. Qg4+ $2 (41. Qh3+ $1 $18 Ke7 {[#]} 42. Qh6 $1 {[%mdl 512]}) 41... Ke7 $11 {The position is equal.} 42. dxe5 Qxe5 43. g6 Qe6 44. Qh4+ Qf6 45. Qh7+ Kf8 46. Qh6+ Kg8 47. Qh7+ Kf8 48. Qxa7 Qxg6 49. Qxb6 {Kb2 is the strong threat.} Qb1+ 50. Ka3 Qc1+ {[%mdl 64] Double Attack} 51. Kb3 Qb1+ 52. Ka3 Qc1+ {[%mdl 64] Double Attack. Accuracy: White = 38%, Black = 36%.} 1/2-1/2

[Event "Orbis-2 IM 2019"]
[Site "Paracin"]
[Date "2019.07.19"]
[Round "9.1"]
[White "Zlatanovic, Boroljub"]
[Black "Raghavi, N.."]
[Result "1/2-1/2"]
[WhiteElo "2371"]
[BlackElo "2290"]
[Annotator "TA"]
[PlyCount "74"]
[EventDate "2019.07.13"]
[EventType "tourn"]
[EventCountry "SRB"]
[SourceTitle "playchess.com"]
[Source "ChessBase"]
[SourceQuality "1"]

{[%evp 9,74,1,8,10,0,0,0,-10,-7,-13,-7,0,21,32,31,26,29,29,42,26,45,20,8,-11,-7,-10,-12,-251,-15,-29,-19,-14,-29,-29,-33,-31,-20,-34,-28,-40,-6,-35,-24,-26,-21,-13,-15,-16,-14,-22,-13,-34,-37,-42,-31,-39,-39,-29,-26,-24,-19,-19,0,-22,0,-22,0]} 1. Nc3 d5 2. e4 dxe4 3. Nxe4 Nd7 4. Bc4 Ndf6 5. Ng5 e6 6. d4 {A00: Irregular Openings} h6 7. N5f3 Bd6 8. Ne2 Ne7 9. Bf4 $146 ({Predecessor:} 9. O-O b6 10. Bb5+ c6 11. Bd3 Bb7 12. Ng3 {0-1 (32) Egorov,E (2387)-Wang,H (2734) Almaty 2016}) 9... Ned5 10. Be5 c6 11. O-O O-O 12. Bb3 c5 13. c4 Nb4 14. Nc3 cxd4 15. Bxd6 Qxd6 16. Nb5 Qe7 17. a3 ({Of course not} 17. Nfxd4 Rd8 $17) 17... Nc6 18. Nfxd4 $2 {[#]} (18. Nbxd4 $11 {and White is okay.} e5 19. Re1) 18... Bd7 $2 (18... Rd8 $1 $19 {...Nxd4 is the strong threat.} 19. Nxc6 bxc6) 19. Re1 Nxd4 20. Nxd4 Rfd8 {And now ...Be8 would win.} 21. Qf3 Qc5 22. Rad1 Be8 23. Qf4 Rac8 24. Ba2 Qh5 25. Qf3 Qxf3 26. Nxf3 Kf8 27. Ne5 Nd7 {[#] Strongly threatening ...Nxe5.} 28. Nxd7+ Rxd7 29. Rxd7 (29. f3 {feels hotter.} a5 30. b3 Rxd1 31. Rxd1 b5 32. Kf2) 29... Bxd7 $11 {[%mdl 4096] Endgame KRB-KRB} 30. Rd1 Ke7 31. Kf1 b5 32. cxb5 $1 Bxb5+ 33. Ke1 Rc2 {Hoping for ...Re2+.} 34. Rd2 Rc1+ 35. Rd1 {The position is equal.} Rc2 {Threatens to win with ...Re2+.} 36. Rd2 Rc1+ 37. Rd1 Rc2 {Accuracy: White = 43%, Black = 58%.} 1/2-1/2